| 000 | 00692nam a2200265Ia 4500 | ||
|---|---|---|---|
| 003 | OSt | ||
| 005 | 20221007100854.0 | ||
| 006 | a|||||r|||| 00| 0 | ||
| 007 | ta | ||
| 008 | 221006b |||||||| |||| 00| 0 eng d | ||
| 020 | _a0406569401 | ||
| 024 | _a5,344 | ||
| 037 | _cTextual | ||
| 040 |
_aLCO _cLCO _beng |
||
| 041 |
_2eng _aeng |
||
| 082 | _aX8(A):Z, L4 | ||
| 100 |
_aCronin J.B. _9688747 |
||
| 245 | 0 | _aIndustrial Law | |
| 260 |
_aLondon _bButterworth & Co. (Publishers) Ltd. U.K. _c1974 |
||
| 300 | _a212 | ||
| 650 | _aINDUSTRIAL LAW | ||
| 700 |
_a Grime R.P. _9702219 |
||
| 942 |
_hX8(A):Z, L4 _cTEXL |
||
| 999 |
_c1174907 _d1174907 |
||